000 00238nam a22001097a 4500
082 _a421 BRA'E
100 _aBRASNETT, CLIVE
_978063
245 _aENGLISH FOR ENGINEERS
260 _aLONDON
_bMETHUEN
_c1968
300 _a144P
942 _cBK
999 _c583218
_d583218